Scrotal melanins in bats (<Chiroptera>): description, distribution and function (Registro nro. 9537)

Detalles MARC
000 -CABECERA
Campo de control 005820000a22001810004500
090 ## - CLASIFICACIÓN LOCAL
Colección AR
Consecutivo 00441
041 0# - IDIOMA
Código de idioma para texto/pista de sonido o título separado
100 1# - ASIENTO PRINCIPAL--NOMBRE PERSONAL
Nombre personal Kermott, L. H.
245 10 - MENCION DE TITULO
Título Scrotal melanins in bats (<Chiroptera>): description, distribution and function
650 14 - ASIENTO SECUNDARIO DE MATERIA - TERMINO TEMATICO
Término temático o nombre geográfico como elemento de entrada Murciélagos
650 14 - ASIENTO SECUNDARIO DE MATERIA - TERMINO TEMATICO
Término temático o nombre geográfico como elemento de entrada Histología
650 14 - ASIENTO SECUNDARIO DE MATERIA - TERMINO TEMATICO
Término temático o nombre geográfico como elemento de entrada Reproducción animal
650 14 - ASIENTO SECUNDARIO DE MATERIA - TERMINO TEMATICO
Término temático o nombre geográfico como elemento de entrada Pigmentos animales
653 ## - TERMINO DE INDIZACION - NO CONTROLADO
-- Chiroptera
-- Lavia
-- Lavia frons
700 1# - ASIENTO SECUNDARIO - NOMBRE PERSONAL
Nombre personal Timm, Robert M.
773 1# - Item fuente:
Título Journal Zoological Society of London
Especificación de materiales 175
Descripción física 214
Paginas del Articulo 519-532
Lugar, editorial y fecha de publicación 1988
942 ## - ELEMENTOS ADICIONALES (KOHA)
Tipo de ítem Artículo
Existencias
Withdrawn status Lost status Damaged status No para préstamo Colección Ubicación Permanente Ubicación actual Fecha de adquisición Datos de publicación Seriada Total Checkouts Número topográfico Inventario / Código de Barras Date last seen Ejemplar Price effective from Forma de adquisición Tipo de material
      No para Préstamo Hemeroteca Bogotá Bogotá 27/02/2015 Fuera de circulación   AR 00441 010720 25/03/2015 1 25/03/2015   Artículo
      No para Préstamo Hemeroteca Bogotá Bogotá 27/02/2015 Fuera de circulación   AR 00441 010721 25/03/2015 2 25/03/2015   Artículo
      No para Préstamo Hemeroteca Bogotá Bogotá 27/02/2015 Fuera de circulación   AR 00441 010722 25/03/2015 3 25/03/2015   Artículo